Golden Globe Award for Best Television Series – Drama - Statistics

General Stats
  • This quiz has been taken 171 times
  • The average score is 11 of 55
Answer Stats
Year TV show % Correct
2013 Breaking Bad
78%
2009 Mad Men
66%
2008 Mad Men
66%
2007 Mad Men
66%
1999 The Sopranos
57%
2005 Lost
48%
2006 Grey's Anatomy
39%
2012 Homeland
39%
2011 Homeland
39%
2003 24
36%
1993 NYPD Blue
36%
2000 The West Wing
34%
1987 L.A. Law
29%
1986 L.A. Law
29%
1982 Hill Street Blues
27%
1981 Hill Street Blues
27%
2001 Six Feet Under
25%
2016 The Crown
25%
1983 Dynasty
21%
1990 Twin Peaks
21%
1998 The Practice
20%
1997 The X-Files
20%
1996 The X-Files
20%
1994 The X-Files
20%
2002 The Shield
18%
1985 Murder, She Wrote
17%
1984 Murder, She Wrote
17%
1972 Columbo
14%
1979 Lou Grant
13%
1967 Mission: Impossible
13%
2010 Boardwalk Empire
11%
2015 Mr. Robot
11%
1988 thirtysomething
11%
1989 China Beach
10%
1975 Kojak
8%
1973 The Waltons
7%
1969 Marcus Welby, M.D.
6%
1992 Northern Exposure
6%
1991 Northern Exposure
6%
2014 The Affair
6%
2004 Nip/Tuck
5%
1966 I Spy
4%
1971 Mannix
4%
1970 Medical Center
4%
1995 Party of Five
4%
1977 Roots
4%
1978 60 Minutes
3%
1980 Shōgun
3%
1964 The Rogues
3%
1974 Upstairs, Downstairs
3%
1976 Rich Man, Poor Man
2%
1968 Rowan & Martin's Laugh-In
2%
1962 The Dick Powell Show
2%
1965 The Man from U.N.C.L.E.
2%
1963 The Richard Boone Show
2%
No matching quizzes found
Score Distribution
Percent of People with Each Score
Percentile by Number Answered
Your Score History
You have not taken this quiz